Martin Luther and Islam : a study in sixteenth-century polemics and apologetics /
Martin Luther (1483-1546) lived at an important juncture during the long and tortuous history of the conflict between Islam and Europe. Scholars have long focused on his apocalyptic interpretation of the rise of the Muslim Ottoman Empire, but only a few have probed deeper into his thought on Islam....
المؤلف الرئيسي:
التنسيق: كتاب الكتروني
اللغة: English
منشور في:
Leiden ; Boston :
Brill,
2007.
سلاسل:
History of Christian-Muslim relations ;
v. 8
The History of Christian-Muslim Relations
8.
Brill Reformation Year E-Book Collection, ISBN: 9789004343122.
الموضوعات:
الوصول للمادة أونلاين: Login to view Source
الوسوم: إضافة وسم
رقم الطلب: BR333.5.I85 F73 2007
| LEADER | 04011cam a22006734i 4500 | ||
|---|---|---|---|
| 001 | BRILL9789047420842 | ||
| 003 | nllekb | ||
| 005 | 20211118221856.0 | ||
| 006 | m d | ||
| 007 | cr un uuuua | ||
| 008 | 070614s2007 ne sb 001 0 eng | ||
| 010 | |a 2007025108 | ||
| 015 | |a GBA775916 |2 bnb | ||
| 016 | 7 | |a 013951176 |2 Uk | |
| 016 | 7 | |a B0709362 |2 bccb | |
| 020 | |a 9789047420842 |q (electronic book) | ||
| 020 | |z 9789004160439 |q (print) | ||
| 024 | 7 | |a 10.1163/ej.9789004160439.i-260 |2 DOI | |
| 035 | |a (OCoLC)147981009 | ||
| 040 | |a NL-LeKB |c NL-LeKB |e rda | ||
| 050 | 4 | |a BR333.5.I85 |b F73 2007 | |
| 082 | 0 | 4 | |a 261.2/7092 |2 22 |
| 100 | 1 | |a Francisco, Adam. | |
| 245 | 1 | 0 | |a Martin Luther and Islam : |b a study in sixteenth-century polemics and apologetics / |c by Adam S. Francisco. |
| 264 | 1 | |a Leiden ; |a Boston : |b Brill, |c 2007. | |
| 300 | |a 1 online resource. | ||
| 336 | |a text |b txt |2 rdacontent | ||
| 337 | |a computer |b c |2 rdamedia | ||
| 338 | |a online resource |2 rdacarrier | ||
| 440 | 0 | |a History of Christian-Muslim relations ; |v v. 8 | |
| 490 | 0 | |a Brill eBook titles 2007 | |
| 504 | |a Includes bibliographical references (p. [239]-255) and index. | ||
| 505 | 0 | 0 | |t Preliminary material / |r A.S. Francisco -- |t Introduction / |r A.S. Francisco -- |t Chapter One. Responses to Islam in the west during the Middle Ages / |r A.S. Francisco -- |t Chapter Two. The turks and Islam in the sixteenth century / |r A.S. Francisco -- |t Chapter Three. Dimensions of Luther's thought on the turks / |r A.S. Francisco -- |t Chapter Four. Luther's knowledge of and attitude towards Islam / |r A.S. Francisco -- |t Chapter Five. Luther's initial critique of Islam / |r A.S. Francisco -- |t Chapter Six. An existential apologetic for christians in the Mahometisch Reich / |r A.S. Francisco -- |t Chapter Seven. Luther's polemical apologetic against Islam / |r A.S. Francisco -- |t Chapter Eight. Luther's apology for christianity / |r A.S. Francisco -- |t Conclusion / |r A.S. Francisco -- |t Bibliography / |r A.S. Francisco -- |t Index / |r A.S. Francisco. |
| 506 | 1 | |a Available to subscribing member institutions only. | |
| 520 | |a Martin Luther (1483-1546) lived at an important juncture during the long and tortuous history of the conflict between Islam and Europe. Scholars have long focused on his apocalyptic interpretation of the rise of the Muslim Ottoman Empire, but only a few have probed deeper into his thought on Islam. As a result, one of the most influential thinkers in the western intellectual tradition has received very little attention in the history of Christian perceptions of and responses to Islam. Drawing upon a vast array of the Reformer's writings while also examining several key texts, this book reveals an often-overlooked aspect of Luther's thought, and thereby provides fresh insight into his place in the history of Christian-Muslim relations. | ||
| 600 | 1 | 7 | |a Luther, Martin |x Islam. |2 idsbb |
| 600 | 1 | 7 | |a Luther, Martin |x Islam. |2 idszbz |
| 600 | 1 | 7 | |a Luther, Martin. |2 swd |
| 600 | 1 | 0 | |a Luther, Martin, |d 1483-1546. |
| 650 | 1 | 7 | |a Apologetiek. |2 gtt |
| 650 | 1 | 7 | |a Christendom. |2 gtt |
| 650 | 1 | 7 | |a Islam. |2 gtt |
| 650 | 7 | |a Apologetik. |2 swd | |
| 650 | 7 | |a Christen |x Muslim |y Geschichte 16. Jh. |2 idsbb | |
| 650 | 7 | |a Christentum. |2 swd | |
| 650 | 7 | |a Islam. |2 swd | |
| 650 | 7 | |a Muslim |x Christen |y Geschichte 16. Jh. |2 idsbb | |
| 650 | 7 | |a Polemik. |2 swd | |
| 650 | 0 | |a Apologetics. | |
| 650 | 0 | |a Christianity and other religions |x Islam. | |
| 650 | 0 | |a Islam |x Relations |x Christianity. | |
| 776 | 0 | |t Martin Luther and Islam |z 9789004160439 (hardback : alk. paper) |z 9004160434 (hardback : alk. paper) | |
| 830 | 0 | |a The History of Christian-Muslim Relations |v 8. | |
| 830 | 0 | |a Brill Reformation Year E-Book Collection, ISBN: 9789004343122. | |
| 856 | 4 | |z DOI: |u http://dx.doi.org/10.1163/ej.9789004160439.i-260 | |
| 942 | |2 lcc |c EBOOK | ||
| 952 | |0 0 |1 0 |2 lcc |4 0 |7 1 |9 22674 |a BRILL |b BRILL |d 2021-11-18 |l 0 |r 2021-11-18 00:00:00 |w 2021-11-18 |y EBOOK | ||
| 994 | |a C0 |b NEIDC | ||
| 999 | |c 40148 |d 40148 | ||
